| 000 | 02091 a2200229 4500 | ||
|---|---|---|---|
| 020 | _a0787903272 | ||
| 020 | _a9780787903275 | ||
| 082 | 0 | 4 | _a658.16 |
| 090 |
_c2787 _d2787 |
||
| 100 | 1 | _aMiles, Robert H. | |
| 245 | 1 | 0 |
_aLeading corporate transformation : _ba blueprint for business renewal / _cRobert H. Miles. |
| 250 | _a1st ed. | ||
| 260 |
_a[S.l.] : _bJossey-Bass, _c1997. |
||
| 300 |
_a272 p. ; _c24 cm. |
||
| 490 | 1 | _aJ-b us non-franchise leadership. | |
| 500 | _aHardcover. | ||
| 520 | _aThe definitive guide to successful corporate transformation ?The framework Bob Miles illustrates in his new book has been the key tool Symantec has used to start the shift from being a technology-driven to a customer-driven company. Business leaders facing a variety of corporate transformation challenges will benefit from this important executive briefing.? -- Gordon E. Eubanks, Jr., chief executive officer, Symantec Corporation The distillation of a stellar twenty-year career, Leading Corporate Transformation is consultant Robert Miles's reply to executives who want to be able to rise to the most pervasive challenge facing them today: how to achieve fundamental transformation without exposing the organization to unacceptable risk. Here, in the form of an executive briefing, are the expert guidance and tools you need to meet a variety of corporate transformation challenges, whether you are trying to reposition a successful company, revitalize a failing one, merge different businesses and cultures, or manage a leadership succession process. These insights are relevant not only for senior executives, but also for managers at all levels of an organization undergoing fundamental transformation. If you are a leader who must effect organizational change, you will want to keep this book close at hand. | ||
| 830 | 0 | _aJ-b us non-franchise leadership. | |
| 856 | 4 | 0 |
_3Amazon.com _uhttp://www.amazon.com/exec/obidos/ASIN/0787903272/chopaconline-20 |
| 856 | 4 | 0 |
_3Amazon customer reviews _uhttp://www.chopac.org/cgi-bin/tools/azrev.pl?q=0787903272 |
| 942 |
_aNBS _cBK _k658.16 ROB |
||
| 999 |
_c345277 _d345277 |
||